[Event "4NCL Online Division 1"]
[Site "online"]
[Date "2020.04.21"]
[Round "3.151"]
[White "Venkataramanan, T.S."]
[Black "Cumming, Rhys"]
[Result "1/2-1/2"]
[WhiteElo "2335"]
[BlackElo "2299"]
[PlyCount "119"]
[EventDate "2020.04.21"]
[WhiteTeam "Watford 1"]
[BlackTeam "Sussex Social Isolators"]

1. d4 d5 2. Nf3 Nf6 3. c4 e6 4. e3 Be7 5. Nc3 O-O 6. Bd3 dxc4 7. Bxc4 c5 8. O-O
Nc6 9. a3 cxd4 10. exd4 b6 11. Be3 Bb7 12. Rc1 Rc8 13. Qe2 Na5 14. Ba2 Nd5 15.
Nxd5 Bxd5 16. Rxc8 Qxc8 17. Bxd5 exd5 18. Rc1 Qe6 19. Rc7 Nc4 20. Rxa7 Rc8 21.
Kf1 h6 22. Bxh6 Qxe2+ 23. Kxe2 Bf6 24. Bg5 Nxb2 25. Bxf6 Rc2+ 26. Ke3 gxf6 27.
Nd2 Kg7 28. Rd7 Rc3+ 29. Ke2 Rc2 30. Ke3 Rc3+ 31. Kf4 Nd3+ 32. Kf5 Rxa3 33.
Rxd5 Nxf2 34. Rb5 Ra5 35. Rxa5 bxa5 36. d5 a4 37. d6 Kf8 38. h4 a3 39. h5 a2
40. Nb3 Nd3 41. h6 Nc5 42. Na1 Nd7 43. Nc2 Kg8 44. Kg4 Kh7 45. Kh5 Nc5 46. Na1
f5 47. Kg5 Ne4+ 48. Kxf5 Nxd6+ 49. Kf6 Kxh6 50. Ke7 Kg5 51. Kxd6 Kf4 52. Kc5
Kg3 53. Kb4 f5 54. Kb3 f4 55. Kxa2 Kxg2 56. Nc2 Kf2 57. Nd4 Ke3 58. Nf5+ Kd3
59. Nh4 f3 60. Nxf3 1/2-1/2

[Event "4NCL Online Division 1"]
[Site "online"]
[Date "2020.04.21"]
[Round "3.152"]
[White "Grant, David J"]
[Black "Karamazondo, Ernest"]
[Result "0-1"]
[WhiteElo "2222"]
[BlackElo "2117"]
[PlyCount "82"]
[EventDate "2020.04.21"]
[WhiteTeam "Sussex Social Isolators"]
[BlackTeam "Watford 1"]

1. d4 Nf6 2. c4 e5 3. dxe5 Ng4 4. Bf4 g5 5. Bd2 Bg7 6. Nf3 Nxe5 7. Nxe5 Bxe5 8.
Nc3 d6 9. g3 Nc6 10. Bg2 Be6 11. h4 h6 12. Nd5 Rb8 13. Qc1 Kd7 14. Rb1 Qg8 15.
b4 Nd4 16. hxg5 Re8 17. e3 hxg5 18. exd4 Rxh1+ 19. Bxh1 Bxd4 20. Be3 Qh8 21.
Kd2 c6 22. Nc3 Bxc4 23. Ne2 Bxe3+ 24. fxe3 Qh7 25. Rb3 Bxb3 26. axb3 Re5 27.
Bg2 a5 28. bxa5 Rxa5 29. Qb2 Qf5 30. b4 Rb5 31. e4 Qc5 32. Qf6 Qxb4+ 33. Ke3
Qc5+ 34. Kf3 g4+ 35. Kxg4 Qh5+ 36. Kf4 Qxe2 37. Qxf7+ Kd8 38. Bf3 Qd2+ 39. Kg4
Qg5+ 40. Kh3 Qh6+ 41. Kg2 Rb2+ 0-1

[Event "4NCL Online Division 1"]
[Site "online"]
[Date "2020.04.21"]
[Round "3.153"]
[White "Stone, Andrew M"]
[Black "Bucher, Grant W"]
[Result "1/2-1/2"]
[WhiteElo "2192"]
[BlackElo "2119"]
[PlyCount "151"]
[EventDate "2020.04.21"]
[WhiteTeam "Watford 1"]
[BlackTeam "Sussex Social Isolators"]

1. d4 Nf6 2. Bg5 d5 3. Bxf6 gxf6 4. e3 c5 5. dxc5 Nc6 6. Nf3 e6 7. Be2 Bxc5 8.
O-O f5 9. c4 d4 10. b4 Bxb4 11. exd4 Qf6 12. a3 Bc5 13. Nbd2 Bxd4 14. Rb1 O-O
15. Nb3 Rd8 16. Nbxd4 Nxd4 17. Nxd4 Qxd4 18. Qc1 Qd2 19. Bf3 Qxc1 20. Rfxc1 Rd7
21. c5 Rc7 22. a4 a5 23. Rb6 Ra7 24. h3 Bd7 25. Rc4 e5 26. Bd5 Bc6 27. Bxc6
Rxc6 28. Rb5 Kg7 29. Rc3 f4 30. Rd3 Rc7 31. Rd6 Ra6 32. Rxb7 Rxd6 33. Rxc7 Rd1+
34. Kh2 Ra1 35. Rc8 Rxa4 36. c6 Rc4 37. Ra8 a4 38. c7 Rxc7 39. Rxa4 f6 40. g3
Rc2 41. Kg2 fxg3 42. Kxg3 Rc3+ 43. Kg2 h5 44. h4 Kg6 45. f3 Rd3 46. Rb4 Rd4 47.
Rb8 Rxh4 48. Kg3 Rf4 49. Rh8 h4+ 50. Kg2 e4 51. fxe4 Rxe4 52. Ra8 Rg4+ 53. Kh3
f5 54. Rb8 Kg5 55. Ra8 Rg3+ 56. Kh2 Rb3 57. Kg2 Rg3+ 58. Kh2 f4 59. Rg8+ Kf5
60. Ra8 f3 61. Ra5+ Kg4 62. Ra4+ Kh5 63. Rf4 Kg5 64. Rf8 Kh5 65. Rf7 Kg6 66.
Rf4 Kg5 67. Rf8 Kg4 68. Rf7 Rg2+ 69. Kh1 Ra2 70. Kg1 h3 71. Rf8 h2+ 72. Kh1 Ra4
73. Kxh2 Rf4 74. Rg8+ Kf5 75. Kg3 Ra4 76. Kxf3 1/2-1/2

[Event "4NCL Online Division 1"]
[Site "online"]
[Date "2020.04.21"]
[Round "3.154"]
[White "Lunn, Matthew"]
[Black "Nelson, Omowale"]
[Result "0-1"]
[WhiteElo "2087"]
[BlackElo "2027"]
[PlyCount "48"]
[EventDate "2020.04.21"]
[WhiteTeam "Sussex Social Isolators"]
[BlackTeam "Watford 1"]

1. d4 d5 2. c4 dxc4 3. Nf3 Nf6 4. e3 a6 5. a4 e6 6. Bxc4 Be7 7. O-O O-O 8. Nc3
c5 9. Qe2 Nc6 10. Rd1 Qc7 11. Bd2 Rd8 12. Be1 Nb4 13. Rac1 Bd7 14. e4 Bc6 15.
e5 Ng4 16. Ne4 cxd4 17. Bxb4 Bxb4 18. Neg5 Qe7 19. Nxf7 d3 20. Rxd3 Qxf7 21.
Ng5 Qf4 22. Bxe6+ Kf8 23. Rxc6 Qxh2+ 24. Kf1 Qh1# 0-1

[Event "4NCL Online Division 1"]
[Site "online"]
[Date "2020.04.21"]
[Round "3.161"]
[White "Rudd, Jack"]
[Black "Balaji, Aaravamudhan"]
[Result "0-1"]
[WhiteElo "2331"]
[BlackElo "2206"]
[PlyCount "78"]
[EventDate "2020.04.21"]
[WhiteTeam "West is Best 1"]
[BlackTeam "Kent KJCA Kestrels A"]

1. e4 e5 2. d4 exd4 3. Qxd4 Nc6 4. Qe3 Nf6 5. Nc3 Bb4 6. Bd2 O-O 7. O-O-O Re8
8. Bc4 d6 9. f3 Ne5 10. Bb3 a5 11. a3 Bc5 12. Qe1 b5 13. Bg5 h6 14. Bxf6 Qxf6
15. Nxb5 a4 16. Nxc7 axb3 17. Nxe8 Qg5+ 18. Rd2 bxc2 19. Qg3 Be3 20. Qxg5 hxg5
21. Kxc2 Ba6 22. Rxd6 Rc8+ 23. Kb3 Bc4+ 24. Kb4 Rxe8 25. Nh3 Rc8 26. Rhd1 Bc5+
27. Kc3 Bxd6 28. Rxd6 Be6+ 29. Kd4 Nc4 30. Ra6 Bxh3 31. gxh3 Nxb2 32. Rb6 Nc4
33. Rb3 Na5 34. Rb5 Rc4+ 35. Kd3 Ra4 36. Rxg5 Rxa3+ 37. Kd4 Nc6+ 38. Kc4 Rxf3
39. Rg3 Rf2 0-1

[Event "4NCL Online Division 1"]
[Site "online"]
[Date "2020.04.21"]
[Round "3.162"]
[White "Verma, Aditya"]
[Black "Toczek, Grzegorz"]
[Result "1-0"]
[WhiteElo "2169"]
[BlackElo "2271"]
[PlyCount "73"]
[EventDate "2020.04.21"]
[WhiteTeam "Kent KJCA Kestrels A"]
[BlackTeam "West is Best 1"]

1. e4 e5 2. Nf3 Nc6 3. Bb5 a6 4. Ba4 d6 5. O-O Bd7 6. c3 Nge7 7. Re1 Ng6 8. d3
Be7 9. Nbd2 h6 10. Nf1 Bg5 11. Be3 Qf6 12. h3 O-O 13. Ng3 Bxe3 14. fxe3 Nh4 15.
Rf1 Nxf3+ 16. Rxf3 Qg5 17. Qe2 b5 18. Bc2 Ne7 19. Raf1 Be6 20. Qf2 Rad8 21. d4
Bc4 22. Re1 c6 23. Nf5 Nxf5 24. exf5 Rfe8 25. b3 exd4 26. bxc4 dxc3 27. cxb5
cxb5 28. f6 g6 29. Rg3 Qe5 30. Bxg6 Kh8 31. Bc2 Rg8 32. Rxg8+ Rxg8 33. Qf5 Qxf5
34. Bxf5 Re8 35. Kf2 d5 36. a3 Re5 37. g4 {Time} 1-0

[Event "4NCL Online Division 1"]
[Site "online"]
[Date "2020.04.21"]
[Round "3.163"]
[White "Kett, Tim"]
[Black "Hand, Freddie"]
[Result "1-0"]
[WhiteElo "2178"]
[BlackElo "2181"]
[PlyCount "149"]
[EventDate "2020.04.21"]
[WhiteTeam "West is Best 1"]
[BlackTeam "Kent KJCA Kestrels A"]

1. e4 e5 2. Nf3 Nc6 3. d4 exd4 4. c3 dxc3 5. Nxc3 Bc5 6. Bc4 Nge7 7. Ng5 Ne5 8.
Nxf7 Nxf7 9. Bxf7+ Kxf7 10. Qh5+ Ng6 11. Qd5+ Ke8 12. Qxc5 d6 13. Qh5 Qh4 14.
Qxh4 Nxh4 15. Nd5 Kd7 16. O-O Ng6 17. Bd2 c6 18. Ne3 Kc7 19. Bc3 Rg8 20. Rad1
Be6 21. f4 Bxa2 22. Nf5 Bc4 23. Rf2 Rad8 24. Nxg7 Rd7 25. Nh5 Re7 26. Re1 Rf8
27. e5 c5 28. exd6+ Kxd6 29. Rxe7 Nxe7 30. g4 Nd5 31. Be5+ Ke6 32. Ng7+ Kf7 33.
Nf5 Ba6 34. Rd2 Nb6 35. Rd6 Nc4 36. Rf6+ Ke8 37. Ng7+ Ke7 38. Rxf8 Kxf8 39.
Ne6+ Ke7 40. Nxc5 Nxe5 41. fxe5 Be2 42. h3 b6 43. Ne4 Bd3 44. Ng5 h6 45. Nf3
Ke6 46. Kf2 Be4 47. h4 a5 48. g5 h5 49. Ke3 Bg6 50. Kd4 Be8 51. Nd2 Bc6 52. Nc4
Kf5 53. Nxb6 Be8 54. Kd5 Kg4 55. Ke6 Kxh4 56. Ke7 Kxg5 57. Kxe8 h4 58. e6 h3
59. e7 h2 60. Kd8 h1=Q 61. e8=Q Qd1+ 62. Qd7 Qc2 63. Qd5+ Kg6 64. Nc4 a4 65.
Kc7 Kg7 66. Kb6 Qb3+ 67. Ka5 Kf6 68. Qc6+ Ke7 69. Qxa4 Qg3 70. Qc6 Qg5+ 71. Kb6
Qc1 72. b4 Qc3 73. b5 Kf8 74. Kc7 Qg7+ 75. Kb8 1-0

[Event "4NCL Online Division 1"]
[Site "online"]
[Date "2020.04.21"]
[Round "3.164"]
[White "Watson, Mikey J"]
[Black "Bullen, Alex"]
[Result "0-1"]
[WhiteElo "2177"]
[BlackElo "2116"]
[PlyCount "88"]
[EventDate "2020.04.21"]
[WhiteTeam "Kent KJCA Kestrels A"]
[BlackTeam "West is Best 1"]

1. Nf3 d5 2. d4 Nf6 3. g3 e6 4. Bg2 Be7 5. O-O O-O 6. c4 dxc4 7. Qa4 a6 8. Qxc4
b5 9. Qc2 Bb7 10. Nc3 Nc6 11. e3 Nb4 12. Qe2 Nbd5 13. Bd2 c5 14. dxc5 Bxc5 15.
Rfd1 Qb6 16. Rac1 Rac8 17. a3 Rfd8 18. b4 Be7 19. Ne5 Nxc3 20. Bxc3 Bxg2 21.
Kxg2 Qb7+ 22. Kg1 Rxd1+ 23. Qxd1 Ne4 24. Bd4 Bf6 25. h4 Rxc1 26. Qxc1 Nd6 27.
Qc5 Bxe5 28. Bxe5 Nc4 29. Qd4 Qd5 30. Qa7 h6 31. Bd4 e5 32. Bc5 Nd2 33. Qb8+
Kh7 34. Qd6 Qxd6 35. Bxd6 Nc4 36. Bc7 e4 37. Kf1 h5 38. Ke2 Kg6 39. f3 Kf5 40.
Bd8 Nxa3 41. Bc7 Nc4 42. Bd8 exf3+ 43. Kxf3 Ne5+ 44. Ke2 Nc6 0-1

[Event "4NCL Online Division 2"]
[Site "online"]
[Date "2020.04.07"]
[Round "1.11"]
[White "Gogia, Armaan"]
[Black "Keane, Graham D J"]
[Result "1/2-1/2"]
[WhiteElo "1990"]
[BlackElo "2161"]
[PlyCount "42"]
[EventDate "2020.04.07"]
[WhiteTeam "Ashfield Anonymous A"]
[BlackTeam "Streatham A"]

1. e4 d6 2. d4 Nf6 3. Nc3 g6 4. Be3 Bg7 5. Nf3 O-O 6. h3 c6 7. a4 Nbd7 8. Bc4
Nxe4 9. Nxe4 d5 10. Bd3 dxe4 11. Bxe4 e5 12. dxe5 Nxe5 13. Nxe5 Qa5+ 14. c3
Qxe5 15. Bf3 Be6 16. O-O Rfd8 17. Qc2 Bf8 18. Bd4 Qg5 19. Be3 Qe5 20. Bd4 Qg5
21. Be3 Qe5 1/2-1/2

[Event "4NCL Online Division 2"]
[Site "online"]
[Date "2020.04.07"]
[Round "1.12"]
[White "Horton, Justin"]
[Black "Truman, Richard G"]
[Result "0-1"]
[WhiteElo "2058"]
[BlackElo "1990"]
[PlyCount "42"]
[EventDate "2020.04.07"]
[WhiteTeam "Streatham A"]
[BlackTeam "Ashfield Anonymous A"]

1. d4 Nf6 2. Nf3 g6 3. c4 Bg7 4. g3 O-O 5. Bg2 d5 6. cxd5 Nxd5 7. O-O Nb6 8.
Nc3 Nc6 9. d5 Ne5 10. Nd4 Nec4 11. b3 c5 12. bxc4 cxd4 13. Nb5 Nxc4 14. Bf4 Qb6
15. Qa4 Bd7 16. Rab1 Nd6 17. Bxd6 exd6 18. Qc4 Rac8 19. Qd3 Qc5 20. h4 a6 21.
Na3 Bf5 0-1

[Event "4NCL Online Division 2"]
[Site "online"]
[Date "2020.04.07"]
[Round "1.13"]
[White "Garnett, John S"]
[Black "Bennett, John M"]
[Result "1-0"]
[WhiteElo "1982"]
[BlackElo "1995"]
[PlyCount "41"]
[EventDate "2020.04.07"]
[WhiteTeam "Ashfield Anonymous A"]
[BlackTeam "Streatham A"]

1. c4 e5 2. g3 c6 3. d4 e4 4. Bg2 d5 5. cxd5 cxd5 6. Nc3 Nf6 7. Bg5 Bb4 8. Qb3
Nc6 9. e3 O-O 10. Nge2 h6 11. Bxf6 Qxf6 12. O-O Bxc3 13. Nxc3 Be6 14. Qxb7 Na5
15. Qb5 Nc4 16. Nxd5 Bxd5 17. Qxd5 Nd2 18. Rfc1 Nf3+ 19. Bxf3 exf3 20. Rc6 Rad8
21. Qc5 1-0

[Event "4NCL Online Division 2"]
[Site "online"]
[Date "2020.04.07"]
[Round "1.14"]
[White "Hylands, Liam M"]
[Black "Flynn, David"]
[Result "1/2-1/2"]
[WhiteElo "1912"]
[BlackElo "1900"]
[PlyCount "101"]
[EventDate "2020.04.07"]
[WhiteTeam "Streatham A"]
[BlackTeam "Ashfield Anonymous A"]

1. e4 e6 2. d4 d5 3. e5 c5 4. c3 Nc6 5. Nf3 Bd7 6. a3 c4 7. g3 Na5 8. Nbd2 Bc6
9. Bg2 Qd7 10. O-O Ba4 11. Qe2 Ne7 12. Re1 Nc8 13. Nf1 Nb3 14. Rb1 Nxc1 15.
Rbxc1 Nb6 16. Ne3 Be7 17. Nd2 O-O-O 18. f4 g6 19. Ng4 h5 20. Nf6 Qb5 21. Nf3
Nd7 22. Nxd7 Qxd7 23. h4 Kb8 24. Ng5 Rhf8 25. Bh3 Bb3 26. g4 hxg4 27. Qxg4 Rc8
28. Re2 Bd8 29. Rf1 Rh8 30. Rh2 Bb6 31. Qg3 Rh6 32. Bg4 Rch8 33. Qe1 Qe7 34.
Rf3 Ba4 35. Rfh3 Be8 36. Qe2 Bd8 37. Qf3 a6 38. h5 gxh5 39. Rxh5 Rxh5 40. Rxh5
Rxh5 41. Bxh5 Qf8 42. Qg4 Qg7 43. Kf2 Bxg5 44. Qxg5 Qxg5 45. fxg5 Kc7 46. Bd1
Kd8 47. Kg3 Ke7 48. Kf4 Kf8 49. Bc2 Kg7 50. Kg4 Bc6 51. Kf4 1/2-1/2

[Event "4NCL Online Division 2"]
[Site "online"]
[Date "2020.04.07"]
[Round "1.21"]
[White "Savidge, Daniel"]
[Black "Bui, Kyan"]
[Result "0-1"]
[WhiteElo "2155"]
[BlackElo "2057"]
[PlyCount "54"]
[EventDate "2020.04.07"]
[WhiteTeam "Bristol University A"]
[BlackTeam "Anglian Avengers 2"]

1. b3 e5 2. Bb2 Nc6 3. e3 a6 4. c4 Nf6 5. d3 Bb4+ 6. Nd2 O-O 7. Ngf3 Re8 8. Qc2
d5 9. cxd5 Qxd5 10. Be2 Bg4 11. Rd1 e4 12. dxe4 Nxe4 13. a3 Bxf3 14. gxf3 Nxd2
15. axb4 Nxf3+ 16. Bxf3 Qxf3 17. Rg1 Rxe3+ 18. Kf1 Qh3+ 19. Rg2 Re6 20. Rd3
Re1+ 21. Kxe1 Qxg2 22. Rg3 Re8+ 23. Kd1 Qf1+ 24. Kd2 Qe1+ 25. Kd3 Nxb4+ 26. Kc4
Nxc2 27. Rxg7+ Kf8 0-1

[Event "4NCL Online Division 2"]
[Site "online"]
[Date "2020.04.07"]
[Round "1.22"]
[White "Wallis, Ian J"]
[Black "Luc, Ethan"]
[Result "1-0"]
[WhiteElo "2045"]
[BlackElo "1990"]
[PlyCount "69"]
[EventDate "2020.04.07"]
[WhiteTeam "Anglian Avengers 2"]
[BlackTeam "Bristol University A"]

1. e4 e5 2. Nf3 Nc6 3. Bb5 f5 4. d3 fxe4 5. dxe4 Nf6 6. O-O d6 7. Bc4 Bg4 8. h3
Bh5 9. Nc3 Qd7 10. Be3 O-O-O 11. Rb1 h6 12. b4 g5 13. Nd5 Bg7 14. b5 Nd4 15.
Nxf6 Bxf6 16. Nxe5 Bxd1 17. Nxd7 Kxd7 18. Rfxd1 Nxc2 19. Bc1 Rb8 20. Bb2 Bxb2
21. Rxb2 Na3 22. Be2 c6 23. bxc6+ bxc6 24. Rbd2 d5 25. exd5 c5 26. Bg4+ Kd6 27.
Re2 Rhe8 28. Re6+ Rxe6 29. dxe6+ Ke5 30. e7 Re8 31. Re1+ Kf6 32. Re6+ Kf7 33.
Ra6 Rxe7 34. Rxa3 Rc7 35. Kf1 1-0

[Event "4NCL Online Division 2"]
[Site "online"]
[Date "2020.04.07"]
[Round "1.23"]
[White "Lampard, Alice"]
[Black "Marshall, Michael"]
[Result "1-0"]
[WhiteElo "2005"]
[BlackElo "1840"]
[PlyCount "71"]
[EventDate "2020.04.07"]
[WhiteTeam "Bristol University A"]
[BlackTeam "Anglian Avengers 2"]

1. d4 Nf6 2. c4 e6 3. Nc3 Bb4 4. Qc2 Nc6 5. Nf3 d6 6. Bd2 O-O 7. a3 Bxc3 8.
Bxc3 Qe7 9. g3 a5 10. Bg2 a4 11. O-O Bd7 12. e3 Na5 13. Nd2 Nc6 14. Rab1 Rfb8
15. Rfe1 Ra7 16. h3 Rc8 17. Nf3 h6 18. Rbc1 Be8 19. Nd2 Bd7 20. f4 Re8 21. e4
e5 22. fxe5 dxe5 23. d5 Nb8 24. Bb4 Qd8 25. Nf3 Nh5 26. Qf2 Na6 27. Qxa7 Nxg3
28. Qf2 Nh5 29. Bd2 Qe7 30. c5 Qd8 31. Rf1 f6 32. Qh4 Nf4 33. Bxf4 exf4 34.
Qxf4 Qc8 35. Kh2 Rf8 36. Nd4 1-0

[Event "4NCL Online Division 2"]
[Site "online"]
[Date "2020.04.07"]
[Round "1.24"]
[White "Kerr, Rowland"]
[Black "Vaughan, Alex"]
[Result "0-1"]
[WhiteElo "1802"]
[BlackElo "1975"]
[PlyCount "62"]
[EventDate "2020.04.07"]
[WhiteTeam "Anglian Avengers 2"]
[BlackTeam "Bristol University A"]

1. d4 e6 2. c4 c5 3. d5 Nf6 4. Nc3 exd5 5. cxd5 d6 6. e4 g6 7. f4 Bg7 8. Bb5+
Nfd7 9. a4 O-O 10. Nf3 Na6 11. O-O Nb4 12. Nd2 f5 13. Nc4 fxe4 14. Nxe4 Bd4+
15. Be3 Bxe3+ 16. Nxe3 Qe7 17. Qb1 Re8 18. Re1 Qxe4 19. Nc2 Qxc2 20. Rxe8+ Nf8
21. Bd7 Bxd7 22. Rxa8 Qc4 23. Qe1 Qd4+ 24. Qf2 Qxd5 25. Rxa7 Nd3 26. Rd1 Bc6
27. Qd2 Qd4+ 28. Kf1 c4 29. Ra8 Kf7 30. b4 Ne6 31. b5 Bd5 0-1

[Event "4NCL Online Division 2"]
[Site "online"]
[Date "2020.04.07"]
[Round "1.31"]
[White "Vukojevic, Philippe"]
[Black "Sedykh, Mikhail"]
[Result "1/2-1/2"]
[WhiteElo "2038"]
[BlackElo "2215"]
[PlyCount "76"]
[EventDate "2020.04.07"]
[WhiteTeam "ChessPlus Beta"]
[BlackTeam "Catford Cosmonauts 1"]

1. e4 e5 2. Nf3 Nf6 3. Nc3 Nc6 4. d4 exd4 5. Nxd4 Bb4 6. Nxc6 bxc6 7. Bd3 d5 8.
exd5 cxd5 9. O-O O-O 10. h3 c6 11. Qf3 Re8 12. Bf4 Bd6 13. Ne2 Rb8 14. b3 c5
15. c4 Bb7 16. Bxd6 dxc4 17. Bxh7+ Kxh7 18. Qf4 Re4 19. Qg3 Rc8 20. Nc3 Rd4 21.
Be5 Nh5 22. Qe3 Rd3 23. Qc1 f6 24. Bh2 Qd4 25. Nb5 Qd5 26. f3 cxb3 27. axb3 a6
28. Nd6 Rc7 29. Nxb7 Rxb7 30. g4 Qd4+ 31. Kh1 Rc3 32. Qb1+ Kg8 33. gxh5 Rbxb3
34. Qg6 Rxf3 35. Rfd1 Rfd3 36. Qe8+ Kh7 37. Qg6+ Kg8 38. Qe8+ Kh7 1/2-1/2

[Event "4NCL Online Division 2"]
[Site "online"]
[Date "2020.04.07"]
[Round "1.32"]
[White "Stemp, Matthew J"]
[Black "Harnett, Robert J"]
[Result "1-0"]
[WhiteElo "2125"]
[BlackElo "1900"]
[PlyCount "47"]
[EventDate "2020.04.07"]
[WhiteTeam "Catford Cosmonauts 1"]
[BlackTeam "ChessPlus Beta"]

1. e4 c6 2. d4 d5 3. Nc3 dxe4 4. Nxe4 Nf6 5. Nxf6+ gxf6 6. c3 Qc7 7. Bd3 e6 8.
Qf3 Nd7 9. Bf4 Bd6 10. Bg3 h5 11. Bh4 Be7 12. O-O-O b6 13. Ne2 Bb7 14. Ng3 c5
15. Be4 Bxe4 16. Qxe4 O-O-O 17. d5 f5 18. Nxf5 Bxh4 19. Nxh4 Nf6 20. Qf3 Nxd5
21. g3 Kb8 22. Rhe1 a5 23. a3 Qe7 24. Rxd5 1-0

[Event "4NCL Online Division 2"]
[Site "online"]
[Date "2020.04.07"]
[Round "1.33"]
[White "Kane, Robert"]
[Black "Robertson, Mark M"]
[Result "0-1"]
[WhiteElo "1791"]
[BlackElo "2050"]
[PlyCount "61"]
[EventDate "2020.04.07"]
[WhiteTeam "ChessPlus Beta"]
[BlackTeam "Catford Cosmonauts 1"]

1. d4 Nf6 2. c4 g6 3. Nc3 Bg7 4. e4 O-O 5. Nge2 Nc6 6. Ng3 e5 7. dxe5 Nxe5 8.
Be2 d6 9. O-O Be6 10. b3 h5 11. Bg5 c6 12. Qd2 Qa5 13. Rad1 Nh7 14. Be7 Rfe8
15. Bxd6 h4 16. Nh1 Nxc4 17. bxc4 Qxc3 18. Qxc3 Bxc3 19. f3 Nf6 20. a4 Nd7 21.
c5 Bb4 22. Rc1 b6 23. Nf2 Bxc5 24. a5 Bxd6 25. Rfd1 Bc5 26. axb6 axb6 27. Kf1
Bxf2 28. Kxf2 Nc5 29. Ke3 Red8 30. Rxd8+ Rxd8 31. Rb1 0-1

[Event "4NCL Online Division 2"]
[Site "online"]
[Date "2020.04.07"]
[Round "1.34"]
[White "Roberts, Mike"]
[Black "Eriksson, Anders maj"]
[Result "1/2-1/2"]
[WhiteElo "2027"]
[BlackElo "1696"]
[PlyCount "108"]
[EventDate "2020.04.07"]
[WhiteTeam "Catford Cosmonauts 1"]
[BlackTeam "ChessPlus Beta"]

1. e4 c6 2. d4 d5 3. exd5 cxd5 4. c4 dxc4 5. Bxc4 Bf5 6. Nf3 Nf6 7. Nc3 e6 8.
O-O Be7 9. Bg5 O-O 10. Re1 h6 11. Bh4 a6 12. Rc1 Nbd7 13. a4 Nb6 14. Ba2 Nbd5
15. Ne5 Nb4 16. Bb3 Nd7 17. Bxe7 Qxe7 18. Re3 Nxe5 19. dxe5 Rfd8 20. Qe2 Rd7
21. Ne4 Bxe4 22. Rxe4 Rad8 23. Rg4 Kh8 24. Qe4 Nd3 25. Rf1 Nc5 26. Qc4 Nxb3 27.
Qxb3 Qc5 28. Re4 Qd5 29. Qe3 Qd2 30. b4 Qxe3 31. Rxe3 Rd4 32. Rb3 b5 33. axb5
axb5 34. g3 Re4 35. f4 Rdd4 36. Rfb1 Rd2 37. R3b2 Rdd4 38. Kf2 Kg8 39. h4 f6
40. Re1 Rxb4 41. Rxb4 Rxb4 42. exf6 gxf6 43. Rxe6 Kf7 44. Rb6 Rb1 45. h5 b4 46.
Ke2 b3 47. Kd2 b2 48. Kc2 Rg1 49. Kxb2 Rxg3 50. Rb7+ Kg8 51. Rb6 Kg7 52. Rb7+
Kg8 53. Rb6 Kg7 54. Rb7+ Kg8 1/2-1/2

[Event "4NCL Online Division 2"]
[Site "online"]
[Date "2020.04.07"]
[Round "1.41"]
[White "Garwood, Colin"]
[Black "Fraser-Mitchell, Jeremy N"]
[Result "0-1"]
[WhiteElo "2140"]
[BlackElo "2058"]
[PlyCount "104"]
[EventDate "2020.04.07"]
[WhiteTeam "CSC 1"]
[BlackTeam "St Albans 1"]

1. d4 d5 2. Nf3 Bf5 3. Bf4 e6 4. e3 Bd6 5. Bg3 Nd7 6. Nbd2 Ngf6 7. Bd3 O-O 8.
Qe2 Re8 9. Bxf5 exf5 10. Bxd6 cxd6 11. g3 Rc8 12. c3 Nb6 13. O-O Ne4 14. Nh4 g6
15. Nxe4 Rxe4 16. Qd3 Qe7 17. Rac1 Re8 18. b3 Qf6 19. Ng2 g5 20. f3 R4e7 21.
Rc2 Qe6 22. a4 Nd7 23. a5 Nf6 24. b4 Qd7 25. b5 Kg7 26. Rb1 Nh5 27. c4 dxc4 28.
Rxc4 Nf6 29. b6 axb6 30. axb6 Nd5 31. Kf2 Nxe3 32. Nxe3 Rxe3 33. Qxe3 Rxe3 34.
Kxe3 Qe6+ 35. Kd3 f4 36. Rb2 Qe3+ 37. Kc2 Qe2+ 38. Kb3 Qxf3+ 39. Kb4 fxg3 40.
Rb3 gxh2 41. Rxf3 h1=Q 42. Rcc3 Qb1+ 43. Rb3 Qe4 44. Rbd3 Qc6 45. Ka5 Kg6 46.
Rf1 Qc4 47. Rdf3 Qa6+ 48. Kb4 Qxb6+ 49. Kc3 Qc6+ 50. Kd2 Qd5 51. Kd3 f5 52. Kc3
h5 0-1

[Event "4NCL Online Division 2"]
[Site "online"]
[Date "2020.04.07"]
[Round "1.42"]
[White "Collopy, Robert"]
[Black "Saidmurodov, Shahjahon"]
[Result "1-0"]
[WhiteElo "2012"]
[BlackElo "2132"]
[PlyCount "47"]
[EventDate "2020.04.07"]
[WhiteTeam "St Albans 1"]
[BlackTeam "CSC 1"]

1. d4 Nf6 2. c4 e5 3. dxe5 Ng4 4. Bf4 Nc6 5. Nf3 Bb4+ 6. Nbd2 Qe7 7. Qc2 Ngxe5
8. Nxe5 Nxe5 9. O-O-O d6 10. Bxe5 Qxe5 11. Qa4+ Bd7 12. Qxb4 O-O 13. Nf3 Qf6
14. Qc3 Qe7 15. e3 Rfb8 16. h4 b5 17. Rd5 bxc4 18. Rg5 g6 19. h5 Bf5 20. hxg6
fxg6 21. Bxc4+ Be6 22. Rxg6+ hxg6 23. Qh8+ Kf7 24. Rh7# 1-0

[Event "4NCL Online Division 2"]
[Site "online"]
[Date "2020.04.07"]
[Round "1.43"]
[White "Frostick, Clive A"]
[Black "Ellis, Aidan B"]
[Result "1-0"]
[WhiteElo "2108"]
[BlackElo "1967"]
[PlyCount "47"]
[EventDate "2020.04.07"]
[WhiteTeam "CSC 1"]
[BlackTeam "St Albans 1"]

1. e4 c5 2. Nf3 d6 3. Bb5+ Bd7 4. Bxd7+ Nxd7 5. O-O g6 6. c3 Ngf6 7. Qe2 Bg7 8.
d4 cxd4 9. cxd4 e6 10. Nc3 O-O 11. e5 dxe5 12. dxe5 Ng4 13. Rd1 Qc8 14. Bf4 Rd8
15. h3 Nh6 16. Bg5 f6 17. exf6 Nxf6 18. Rxd8+ Qxd8 19. Qxe6+ Kf8 20. Ne4 Nhg8
21. Nxf6 Bxf6 22. Ne5 Qe7 23. Nd7+ Kg7 24. Bxf6+ 1-0

[Event "4NCL Online Division 2"]
[Site "online"]
[Date "2020.04.07"]
[Round "1.44"]
[White "Gemmell, John"]
[Black "Hasson, Peter"]
[Result "1/2-1/2"]
[WhiteElo "1930"]
[BlackElo "2095"]
[PlyCount "55"]
[EventDate "2020.04.07"]
[WhiteTeam "St Albans 1"]
[BlackTeam "CSC 1"]

1. d4 d5 2. Bf4 Nc6 3. e3 Bf5 4. c4 e6 5. Nc3 Bb4 6. cxd5 exd5 7. Bd3 Bxd3 8.
Qxd3 Nf6 9. Nf3 Ne4 10. O-O Bxc3 11. bxc3 Na5 12. Rfc1 Nc4 13. Ne5 Nxe5 14.
Bxe5 O-O 15. c4 c6 16. f3 Nd6 17. Bxd6 Qxd6 18. c5 Qe7 19. Rab1 Rae8 20. Rb3 f5
21. f4 Rf7 22. Rcb1 g6 23. a4 Qe6 24. Rxb7 Qxe3+ 25. Qxe3 Rxe3 26. Rxf7 Kxf7
27. Rb7+ Re7 28. Rxe7+ 1/2-1/2

[Event "4NCL Online Division 2"]
[Site "online"]
[Date "2020.04.07"]
[Round "1.51"]
[White "John, Joshua"]
[Black "Chan, Sheng Liang Bernard"]
[Result "1/2-1/2"]
[WhiteElo "2042"]
[BlackElo "2102"]
[PlyCount "136"]
[EventDate "2020.04.07"]
[WhiteTeam "CSC 2"]
[BlackTeam "Yorkshire Universities"]

1. d4 Nf6 2. c4 e6 3. Nc3 d5 4. Bg5 Be7 5. Nf3 Nbd7 6. e3 Nf8 7. h4 h6 8. Bf4
Ng6 9. Bh2 Bd6 10. Bxd6 Qxd6 11. Bd3 Ne7 12. c5 Qd8 13. Ne5 Nd7 14. f4 b6 15.
Qg4 O-O 16. Rh3 f5 17. Qh5 bxc5 18. Rg3 Nxe5 19. fxe5 Kh7 20. Ne2 Qe8 21. Qf3
cxd4 22. exd4 Rb8 23. b3 Rb7 24. Nf4 Rb4 25. Nh5 Rf7 26. Rxg7+ Kh8 27. Qf4 Rxg7
28. Qxh6+ Rh7 29. Qxh7+ Kxh7 30. Nf6+ Kg6 31. Nxe8 Rxd4 32. Ke2 Nc6 33. Rc1 Bd7
34. Nf6 Nxe5 35. Nxd7 Nxd7 36. Rxc7 Ne5 37. Bc2 Rg4 38. Kf2 a5 39. Bd1 Rxh4 40.
Ra7 Rd4 41. Be2 a4 42. Rxa4 Rxa4 43. bxa4 Nc6 44. Bb5 Na5 45. Ke3 e5 46. Kd3 d4
47. Bd7 Kg5 48. Be6 Kf4 49. Bd5 Kg5 50. Ba8 Kf6 51. Bd5 Ke7 52. Bf3 Kd6 53. g4
fxg4 54. Bxg4 Kc5 55. Bd7 Kb4 56. Ke4 Nc4 57. Be6 Kc3 58. a5 d3 59. a6 d2 60.
Bg4 Kb2 61. a7 Nb6 62. a4 Ka3 63. a5 Na8 64. Ke3 Kb4 65. Kxd2 Kxa5 66. Bf3 e4
67. Bxe4 Ka6 68. Bxa8 Kxa7 1/2-1/2

[Event "4NCL Online Division 2"]
[Site "online"]
[Date "2020.04.07"]
[Round "1.52"]
[White "Hopkins, Kit W"]
[Black "Lawson, Maurice E"]
[Result "0-1"]
[WhiteElo "2102"]
[BlackElo "1983"]
[PlyCount "58"]
[EventDate "2020.04.07"]
[WhiteTeam "Yorkshire Universities"]
[BlackTeam "CSC 2"]

1. c4 e5 2. Nc3 Nc6 3. Nf3 d6 4. d4 exd4 5. Nxd4 g6 6. g3 Bg7 7. Nxc6 bxc6 8.
Bg2 Ne7 9. O-O O-O 10. Qa4 Bd7 11. c5 d5 12. Qa5 Re8 13. Bf4 Rc8 14. Qxa7 h6
15. Qa4 d4 16. Nd1 Nd5 17. e4 Nxf4 18. gxf4 Qh4 19. Qc2 Qxf4 20. Rb1 Be5 21.
Re1 Qxh2+ 22. Kf1 Bh3 23. Bxh3 Qxh3+ 24. Ke2 Qh5+ 25. Kf1 f5 26. Qb3+ Kg7 27.
f3 Qh3+ 28. Ke2 Qg2+ 29. Nf2 Bg3 0-1